000 00629nam a22002177a 4500
003 UA-OsUOA
001 64962
007 ta
008 20091111b un ||||| |||| 00| 0 ukr d
100 _aАкімов Д.
090 _a330
_bА39
942 _cSA
040 _aUA-OsUOA
_bukr
_cUA-OsUOA
_dUA-OsUOA
245 _aЯвища толерантності і мігрантофобії в умовах сучасної трудової міграції
300 _aС.17-19
955 _a0
041 _aukr
080 _a330
773 0 _w64954
_tВіче
_dК.
_d2009
_g20
650 7 _a330 Економіка взагалі
_2UDC
999 _c351068
_d351068